|
|
|
|
| LEADER |
00000nam a22000007i 4500 |
| 001 |
IT\ICCU\NAP\0808287 |
| 003 |
ItRI |
| 005 |
20250102165603.0 |
| 008 |
181016s1992 it |||||| ||||| |||||c |
| 015 |
|
|
|2 IT
|a 92-7751
|
| 020 |
|
|
|a 8845219119
|
| 040 |
|
|
|b ita
|c Arcigay Rimini
|
| 041 |
|
7 |
|a ita
|2 ISO-639-2
|
| 245 |
0 |
0 |
|a Ludwig II /
|c Franz Herre.
|
| 260 |
|
|
|a Milano :
|b Bompiani,
|c 1992
|
| 300 |
|
|
|a 300 p. ;
|c 20 cm
|
| 942 |
|
|
|2 ddc
|c BK
|
| 952 |
|
|
|0 0
|1 0
|2 ddc
|4 0
|6 943_070000000000000_HER_LUD
|7 1
|9 2741
|a RN
|b RN
|d 2025-01-02
|l 0
|o 943.07 HER LUD
|p 10150
|r 2025-01-02 16:57:33
|w 2025-01-02
|y BK
|
| 981 |
|
1 |
|6 z01
|a i
|b xxxe
|
| 982 |
|
1 |
|6 z01
|a n
|
| 999 |
|
|
|c 2367
|d 2367
|